000 00515nam a2200205 a 4500
001 BRCA_6141
005 20190320205340.0
008 050711s1901----gw-a######---#000-0#ger-#
041 _ager
044 _agw
050 4 _aPT2613 .E48
_b.L68 1900
100 1 _aGeorgy, Ernst.
_915486
245 1 0 _aLotte Bachs Hochzeitsreise
_cvon Ernst Georgy.
260 _aBerlĂ­n
_bR.Bong
_c[1901]
300 _a192 p.
_bil.
_c19 cm.
500 _aK30
650 1 4 _aLiteratura Alemana
_96160
902 _aGFM
942 _2lcc
_cB
999 _c5828
_d5828